000 01108cam a22002771a 4500
001 gs 06000107
003 DLC
005 20260227111303.0
008 821129m18671871fr a 000 0 fre
010 _ags 06000107
035 _a(OCoLC)8997756
040 _aDLC
_cPPAN
_dDLC
042 _apremarc
050 0 0 _aQE871
_b.E3
100 2 _aMilne-Edwards, Alphonse,
_d1835-1900.
245 1 0 _aRecherches anatomiques et paléontologiques pour servir à l'histoire des oiseaux fossiles de la France /
_cpar M. Alphonse Milne-Edwards.
260 _aParis :
_bVictor Masson,
_c1867-1871.
300 _a2 v. &
_aatlases (2 v., [200] leaves of plates :
_bill.)
500 _a"Ouvrage qui a obtenu le grand Prix des sciences physiques décerné par l'Académie des sciences en 1866."
500 _aVol. 2 and atlas v. 2 have imprint : Paris, G. Masson, 1869-71.
500 _aEach plate accompanied by leaf with descriptive letterpress.
500 _aEach plate accompanied by leaf with descriptive letterpress.
650 0 _aBirds, Fossil.
650 0 _aBirds
_zFrance.
650 0 _aPaleontology
_zFrance.
999 _c24387
_d24387